| 000 | 00835cam a22002411 4500 | ||
|---|---|---|---|
| 001 | pa 57000018 | ||
| 003 | DLC | ||
| 005 | 20260227111854.0 | ||
| 008 | 820825s1957 dcu 000 0 spa c | ||
| 010 | _apa 57000018 | ||
| 035 | _a(OCoLC)8720037 | ||
| 040 |
_aPan American Union _cOU _dDLC |
||
| 042 | _apremarc | ||
| 050 | 0 | 0 |
_aLA542 _b.P32 1957 |
| 110 | 2 |
_aPan American Union. _bDivision of Education. |
|
| 245 | 1 | 0 |
_aEstado actual de la educación secundaria en la América Latina. _c[Preparada por Pedro A. Cebollero, jefe, y Bernice Matlowsky, especialista, Sección de Educación Secundaria] |
| 250 | _a2. ed., rev. y aumentada. | ||
| 260 |
_aWashington, _c1957. |
||
| 300 |
_aix, 206 p. _btables. _c28 cm. |
||
| 504 | _aBibliography: p. 196-206. | ||
| 650 | 0 | _aEducation, Secondary. | |
| 650 | 0 |
_aEducation _zLatin America. |
|
| 999 |
_c51340 _d51340 |
||